| 000 | 00896nam a22002535a 4500 | ||
|---|---|---|---|
| 005 | 20161221110445.0 | ||
| 008 | 161221s2013 ii a frbd 001 0 eng d | ||
| 020 | _a9789382291589 | ||
| 040 |
_aEG-ScBUE _beng _cEG-ScBUE _dEG-ScBUE |
||
| 082 | 0 | 4 |
_222 _a332.6722 _bGAT |
| 100 | 1 |
_936488 _aGatti, Stefano, _d1967- |
|
| 245 | 1 | 0 |
_aProject finance in theory and practice : _bdesigning, structuring, and financing private and public projects / _cStefano Gatti. |
| 250 | _a2nd ed. | ||
| 260 |
_aNew Delhi : _bAcademic Press / Elsevier, _c2013. |
||
| 300 |
_axxx, 464 p. : _bill. ; _c24 cm. |
||
| 500 | _aGlossary : p. 433-444. | ||
| 500 | _aIndex : p. 453-464. | ||
| 504 | _aBibliography : p. 445-451. | ||
| 650 | 7 |
_2BUEsh _926188 _aPublic works _xFinance. |
|
| 650 | 7 |
_926189 _aConstruction industry _xCapital investments. _2BUEsh |
|
| 651 | _2BUEsh | ||
| 653 |
_bBUSADM _cDecember2016 |
||
| 942 | _2ddc | ||
| 999 |
_c23659 _d23631 |
||